000 01160nam a2200253 i 4500
001 47862
003 ES-MaACL
005 20250716052849.0
007 t|
008 030618s1865 sp ||||1| spa d
080 _a94(460.233)
080 _a94(460)
100 1 _aBlanch é Illa, Narciso.
_9126006
245 1 0 _aCrónica de la provincia de Gerona /
_cpor Narciso Blanch é Illa.
260 _aMadrid :
_bAquiles Ronchi,
_c1865.
300 _a175 p., [10] h. de lám., [1] h. de mapas : il. ;
_c32 cm.
490 1 _aCrónica general de España, ó sea historia ilustrada y descriptiva de sus provincias, sus poblaciones más importantes y posesiones de ultramar / dirigida por Cayetano Rosell
651 4 _aGerona (Provincia)-
_xHistoria.
_9153502
651 4 _aGerona (Provincia)-
_xDescripción.
_9153503
700 1 _aRosell, Cayetano,
_d1817-1883
_999681
830 0 _aCrónica general de España, o sea Historia ilustrada y descriptiva de sus provincias, sus poblaciones más importantes de la península y posesiones de Ultramar
_9224862
852 _aES-MaACL
_jC-1580(1)
_z.- Encuadernado con otras obras
999 _c47862
_d47862